Paddy's Pub Song Quiz Stats

 Plays Quiz not verified by Sporcle

Score 0/92 Timer 10:00
0 Plays Today
Lyrics % Correct
the
93%
the
93%
the
93%
the
93%
the
93%
the
93%
the
93%
the
93%
a
86%
I
83.7%
I
83.7%
I
83.7%
I
83.7%
Paddy's
81.4%
Pub
81.4%
Paddy's
81.4%
pub
81.4%
Paddy's
81.4%
Pub
81.4%
Paddy's
81.4%
Pub
81.4%
Paddy's
81.4%
Pub
81.4%
say
79.1%
oyster
79.1%
they
76.7%
me
76.7%
They
76.7%
me
76.7%
But
74.4%
for
74.4%
Lyrics % Correct
But
74.4%
you
74.4%
you
74.4%
But
74.4%
for
74.4%
of
72.1%
of
72.1%
like
72.1%
beer
72.1%
and
72.1%
like
72.1%
like
72.1%
Well,
69.8%
worlds
69.8%
is
69.8%
Is
69.8%
your
67.4%
oysters
65.1%
ain't
65.1%
ain't
65.1%
in
65.1%
in
65.1%
in
65.1%
cheap
62.8%
my
60.5%
cup
60.5%
tea
60.5%
life
60.5%
go
60.5%
Where
60.5%
are
60.5%
Lyrics % Correct
go
60.5%
life
60.5%
ma'am
58.1%
place
58.1%
It's
58.1%
place
58.1%
lights
58.1%
low
58.1%
It's
58.1%
place
58.1%
ball
55.8%
this
55.8%
bar
55.8%
You're
53.5%
belle
53.5%
best
53.5%
show
53.5%
show
53.5%
always
51.2%
disagrees
51.2%
to
51.2%
that
51.2%
doggy
48.8%
vote
46.5%
'Cause
46.5%
called
46.5%
There's
44.2%
greatest
39.5%
Let
37.2%
record
34.9%

You're not logged in!

Compare scores with friends on all Sporcle quizzes.
OR
Log In

Show Comments

Extras

Created Feb 22, 2014ReportNominate
Tags:Song Quiz, pub

Top Quizzes Today


Score Distribution

Your Account Isn't Verified!

In order to create a playlist on Sporcle, you need to verify the email address you used during registration. Go to your Sporcle Settings to finish the process.

Report this User

Report this user for behavior that violates our Community Guidelines.

Details: